Geography Quiz

Random Geography or Logic Quiz

Countries of Europe: Logic Quiz Stats

 Plays Quiz Updated Feb 13, 2019

     
Support Sporcle.
Go Orange.
Score 0/25 Timer 20:00
227 Plays Today
Cell Country % Correct



E3


???
100%



A2


???
49.6%



B2


???
46.8%



A1


???
45.9%



D1


???
45.9%



A4


???
26.6%



C2


???
26.2%



C3


???
26%



D2


???
24.9%



B5


???
20.7%



E5


???
20.4%



A5


???
20.3%



D4


???
19.6%
Cell Country % Correct



A3


???
16.2%



B4


???
15.9%



E4


???
13.1%



C4


???
11.7%



E1


???
11%



D3


???
8.9%



B3


???
8.8%



E2


???
8.4%



B1


???
8.3%



D5


???
6.6%



C5


???
4.9%



C1


???
4.7%

From the Vault

Ruined By A Letter: Songs (1990s)

by samc67

Music 4m
Who doesn't love Grange rock?
Remove Ads.
Support Sporcle.
Get the best of Sporcle when you Go Orange. This ad-free experience offers more features, more stats, and more fun while also helping to support Sporcle. Thank you for becoming a member.

Show Comments

Extras

Top Quizzes Today


Score Distribution

Your Account Isn't Verified!

In order to create a playlist on Sporcle, you need to verify the email address you used during registration. Go to your Sporcle Settings to finish the process.

Report this User

Report this user for behavior that violates our Community Guidelines.

Details: